| 000 | 00586nam a22001817a 4500 | ||
|---|---|---|---|
| 003 | CEME | ||
| 005 | 20210628203842.0 | ||
| 008 | 210305b xxu||||| |||| 00| 0 eng d | ||
| 020 | _a0-471-01582-2 | ||
| 040 | _c. | ||
| 082 | _a621.381045 RIA'I | ||
| 100 |
_aRiaziat, M.L _967569 |
||
| 245 | _aIntroduction to high speed electronics and optoelectronics | ||
| 260 |
_aNEWYORK _bJOHN WILEY _c1996 |
||
| 300 | _aXI,298 P | ||
| 650 |
_aPPTOELECTRONIC DEVICES MICROWAVE COMMUNICATION SYSTEM EQUIPMENT AND SUPPLIES OPTICAL COMMUNICATIONS EQUIPMENT AND SUPPLIES _967570 |
||
| 942 |
_cBK _2ddc |
||
| 999 |
_c575314 _d575314 |
||